000 00938cam a22003133a 4500
001 24755
003 PGUSA
005 20140828083531.0
008 080305s2008||||xxu|||||s|||||000 | eng d
040 _aPGUSA
_beng
042 _adc
050 4 _aCT
050 4 _aDU
050 4 _aG
100 1 _aKingston, William Henry Giles,
_d1814-1880
245 1 0 _aCaptain Cook :
_bHis Life, Voyages, and Discoveries
_h[electronic resource] /
_cWilliam Henry Giles Kingston
260 _bProject Gutenberg,
_c2008
506 _aPublic domain in the USA.
516 _aElectronic text
653 _aOceania -- Discovery and exploration
653 _aBiography
653 _aMissions -- Oceania
653 _aAustralasia -- Discovery and exploration
653 _aCook, James, 1728-1779
653 _aVoyages around the world
830 0 _aProject Gutenberg
_v24755
856 4 0 _uhttp://www.gutenberg.org/ebooks/24755
942 _cEB
999 _c254010
_d254010